| 000 | 02170cam a2200409 a 4500 | ||
|---|---|---|---|
| 001 | 15527391 | ||
| 003 | OSt | ||
| 005 | 20150917102304.0 | ||
| 008 | 081119s2009 nyuaf b 000 0beng | ||
| 010 | _a 2008050491 | ||
| 020 | _a9781439138175 | ||
| 020 | _a1439138176 | ||
| 035 | _a(OCoLC)ocn264039124 | ||
| 035 | _a(OCoLC)264039124 | ||
| 040 |
_aDLC _cDLC _dBTCTA _dYDXCP _dC#P _dUPZ _dDLC |
||
| 043 | _an-us--- | ||
| 050 | 0 | 0 |
_aE840.8.K35 _bL38 2009 |
| 082 | 0 | 0 |
_a328.73/092 _aB _222 |
| 245 | 0 | 0 |
_aLast lion : _bthe fall and rise of Ted Kennedy / _cby the team at the Boston Globe, Bella English ... [et al.] ; edited by Peter S. Canellos. |
| 250 | _a1st Simon & Schuster hardcover ed. | ||
| 260 |
_aNew York : _bSimon & Schuster, _c2009. |
||
| 300 |
_aviii, 464 p., [16] p. of plates : _bill. (some col.) ; _c25 cm. |
||
| 504 | _aIncludes bibliographical references (p. [415]-464). | ||
| 520 | _aDismissed as a spent force in politics by the time he reached middle age, Ted Kennedy became the most powerful senator of the last half century and the nation's keeper of traditional liberalism. Perceptive and carefully reported, drawing heavily from candid interviews with the Kennedy family and inner circle, "Last Lion" captures magnificently his life and historic achievements, as well as the personal redemption that he found. | ||
| 600 | 1 | 0 |
_aKennedy, Edward M. _q(Edward Moore), _d1932-2009. |
| 610 | 1 | 0 |
_aUnited States. _bCongress. _bSenate _vBiography. |
| 650 | 0 |
_aLegislators _zUnited States _vBiography. |
|
| 700 | 1 | _aEnglish, Bella. | |
| 700 | 1 | _aCanellos, Peter S. | |
| 710 | 2 | _aGlobe Newspaper Co. | |
| 856 | 4 | 2 |
_3Publisher description _uhttp://www.loc.gov/catdir/enhancements/fy0904/2008050491-d.html |
| 856 | 4 | 2 |
_3Contributor biographical information _uhttp://www.loc.gov/catdir/enhancements/fy0905/2008050491-b.html |
| 856 | 4 | 1 |
_3Sample text _uhttp://www.loc.gov/catdir/enhancements/fy0910/2008050491-s.html |
| 906 |
_a7 _bcbc _corignew _d1 _eecip _f20 _gy-gencatlg |
||
| 942 |
_2lcc _cBK |
||
| 999 |
_c90 _d90 |
||